Регионална библиотека "Любен Каравелов" - Русе

Знаменити Забравени Забранени (Запис номер 165898)

MARC детайли
000 -Лидер
Контролно поле с фиксирана дължина 02321nam a2200541 c 4500
001 - Контролен номер на записа
Контролно поле 165898
003 - Код на организацията, давaща контролен номер
Контролно поле BLK
005 - Дата и час на последна редакция
Контролно поле 20241118152232.0
008 - Елементи от данни с фиксирана дължина
fixed length control field 180410b bul|||||r ||||||| ||bul||
010 ## - Наследен системен номер
LC control number KNG00173546000
020 ## - Международен стандартен номер на книга ISBN
Международен стандартен номер на книга ISBN 978-619-152-595-9
040 ## - Източник на каталожния запис
Идентификатор на билиотеката - собственик на записа BLK
041 ## - Код за език
Код за езика на текст/звукозапис или на отделно заглавие Български
Код за езика КДБФ Български
072 #7 - Код за тематичната категория
Код организация bullib
Код за тематична категория Н82
Текст Литературознание Н
080 ## - УДК
Текстов определител УДК Българска литература
УДК код - определител по УДК 821.163.2
УДК определител (092)
УДК - код + определител 821.163.2(092)
080 ## - УДК
Текстов определител УДК Българска литература
УДК код - определител по УДК 821.163.2
УДК определител .09
УДК - код + определител 821.163.2.09
080 ## - УДК
Текстов определител УДК Биографии
УДК код - определител по УДК 929
УДК определител (497.2)
УДК - код + определител 929(497.2)
100 1# - Редна дума - Автор
Автор Зографова, Катя
Авторска отговорност първи автор
R(LIN) 370315
139 ## - Редно поле
Редна дума Кузмова-Зографова, Катя Цветанова
Авторски знак Ку - К 93
245 10 - Сведения за заглавието
Заглавие Знаменити Забравени Забранени
Редно поле (дума) Катя Зографова
257 ## - Страна на издаване
Страна на създаване/издаване България
260 ## - Област на издателските данни
Име на издателя, разпространителя и проч. Изток-Запад
Година на издаване 2015
Място на издаване, разпространение и проч. София
300 ## - Физическа характеристика
Страници 488, ХХІV с.
Илюстрации и др. със сн.
Размери/Мащаб 23 см
380 ## - Жанр
Жанр Литературознание
500 ## - Общи забележки
Забележка Възприета форма на името на авт. е Катя Цветанова Кузмова-Зографова. - Библиогр. с. 482-487 и под линия.
650 #4 - Допълнително описание по предмет – тема
Основно описание – тема или топоним Българска литература - литературна критика и история
9 (RLIN) 265453
650 #4 - Допълнително описание по предмет – тема
Основно описание – тема или топоним Българска литература - връзка и взаимодействие с други литератури
9 (RLIN) 287334
650 #4 - Допълнително описание по предмет – тема
Основно описание – тема или топоним Писатели, български - творчество
9 (RLIN) 250544
650 #4 - Допълнително описание по предмет – тема
Основно описание – тема или топоним Поети, български - творчество
9 (RLIN) 250545
651 #4 - Допълнително описание по предмет - топоним
Географско понятие България
9 (RLIN) 241624
653 ## - Ключова дума – ненормативна
Ключова дума български писатели
653 ## - Ключова дума – ненормативна
Ключова дума български поети
653 ## - Ключова дума – ненормативна
Ключова дума българска литература
653 ## - Ключова дума – ненормативна
Ключова дума творчество
653 ## - Ключова дума – ненормативна
Ключова дума история на литературата
653 ## - Ключова дума – ненормативна
Ключова дума литературна критика
659 ## - Тематичен бюлетин
Тематичен бюлетин Н
852 ## - Местоположение
Форматна сигнатура Цб 273497
856 4# - Електронен адрес и достъп
Електронен формат pdf - файл
856 4# - Електронен адрес и достъп
Електронен формат pdf - файл
942 ## - АРТИКУЛИ
Вид на библиотечния материал Книги
Скрит в OPAC Не
Периодичен библиозапис Да
Koha issues (borrowed), all copies 3
944 ## - СЪЗДАВАНЕ И РЕДАКЦИЯ на ЗАПИСА
Създаване/Редакция Създаване
Дата на регистрацията/редакция 27.03.2015
Статус, дата на статуса Цветелина Шанова
Служител, извършил регистрацията/редакцията 30531
944 ## - СЪЗДАВАНЕ И РЕДАКЦИЯ на ЗАПИСА
Създаване/Редакция Редакция
Дата на регистрацията/редакция 15.02.2016
Статус, дата на статуса ф /
Служител, извършил регистрацията/редакцията Виолета_Тройчева
999 ## - СИСТЕМНИ КОНТРОЛНИ НОМЕРА
Koha biblionumber 165898
Koha biblioitemnumber 165898
999 ## - СИСТЕМНИ КОНТРОЛНИ НОМЕРА
Koha biblioitemnumber 165898
999 ## - СИСТЕМНИ КОНТРОЛНИ НОМЕРА
Koha biblioitemnumber 165898
999 ## - СИСТЕМНИ КОНТРОЛНИ НОМЕРА
Koha biblioitemnumber 165898
999 ## - СИСТЕМНИ КОНТРОЛНИ НОМЕРА
Koha biblioitemnumber 165898
Наличности
Код за отписване Код за изгубен артикул Източник на класификационната схема Код за повреда Коз за рестрикции Код за отдаване Артикулен № Име на библиотеката - собственик Име на библиотеката, в която се намира в момента Статус (Текущо местоположение) Дата на вписване в системата Местоположение - отдел Цена в лева Инвентарен номер Систематично азбучна сигнатура Баркод Номер на екземпляра Цена в евро Служебна бележка Служебен тип на артикула
  Не е изгубен Universal Decimal Classification Не е повреден без рестрикции заемане за дома 279716 Регионална библиотека "Любен Каравелов" Русе Регионална библиотека "Любен Каравелов" Русе Заемна - подръчен фонд 2015-03-30 Заемна - подръчен фонд 25.00 120000786734 П 821.163.2.09(092)/К 93 120000786734 1 12.78 Дост: Pk Вид: Ф N: 430 Дата: 24.03.2015 Дата инв: 07.02.2018 Бележки инв: П2018 Книги
  Не е изгубен Universal Decimal Classification Не е повреден без рестрикции заемане за дома 279717 Регионална библиотека "Любен Каравелов" Русе Регионална библиотека "Любен Каравелов" Русе Заемна - подръчен фонд 2015-05-14 Заемна - подръчен фонд 25.00 120000787995 П 821.163.2.09(092)/К 93 120000787995 2 12.78 Дост: Pk Вид: Ф N: 2285 Дата: 04.05.2015 Дата инв: 08.02.2018 Бележки инв: П2018 Книги
  Не е изгубен   Не е повреден без рестрикции ползва се в читалня 279718 Регионална библиотека "Любен Каравелов" Русе Регионална библиотека "Любен Каравелов" Русе Хранилище 2015-11-17 Хранилище 25.00 120000794835 Цб 273497 120000794835 3 12.78 Дост: Dp Вид: Д N: 43 Дата: 05.10.2015 Книги
Vip Innovations Ltd, Rousse, Bulgaria 2025